|
|
|
|
| LEADER |
01055nam a22002297a 4500 |
| 003 |
GR-PaULI |
| 005 |
20210117210944.0 |
| 007 |
ta |
| 008 |
190903s1939 - o|||f |||| 001 0 eng d |
| 952 |
|
|
|0 0
|1 0
|2 lcc
|4 0
|6 HV0085 L I V
|7 1
|9 234739
|a MEDI
|b MEDI
|c DON
|d 2019-09-03
|i 1452
|l 0
|o HV85 LIV
|p 025000175576
|r 2019-09-03 00:00:00
|t 1
|v 2019.00
|w 2019-09-03
|y BKN
|z Δωρεά Β. Βαλαώρα (αίθουσα δωρεών)
|
| 999 |
|
|
|c 142307
|d 142307
|
| 040 |
|
|
|a GR-PaULI
|b gre
|c GR-PaULI
|e AACR2
|
| 060 |
|
|
|a HV85
|
| 100 |
1 |
|
|9 177639
|a Lively, Charles Elson,
|d 1890-
|e συγγραφέας
|
| 245 |
1 |
0 |
|a Rural migration in the United States /
|c by C. E. Lively and Conrad Taeuber.
|
| 260 |
|
|
|a Washington :
|b United States Government Printing Office,
|c 1939.
|
| 300 |
|
|
|a xxi, 192 σ. :
|b φωτ. ;
|c 25 εκ.
|
| 504 |
|
|
|6 Περιλαμβάνει βιβλιογραφία και ευρετήριο.
|
| 650 |
|
0 |
|9 172534
|a Μετανάστευση, Εσωτερική
|
| 700 |
1 |
|
|9 177640
|a Taeuber, Conrad
|e συγγραφέας
|
| 942 |
|
|
|2 lcc
|c BKN
|
| 998 |
|
|
|c ΜΑΝΙΑΚΗ
|d 2019
|